| 000 | 01048cam a2200253 4500 | ||
|---|---|---|---|
| 001 | ABS63929 | ||
| 008 | 000000n2001 000 0 eng u | ||
| 035 | _a(Sirsi) u112714 | ||
| 100 | _aFranklin, K | ||
| 245 | _aCRS raises the stakes by taking its case to the House of Lords | ||
| 260 | _c2001 | ||
| 490 |
_aArchitects' Journal _v213(19) 17 May 2001, 40(1) |
||
| 520 | _aConsiders the implications of "Co-operative Retail Services v Taylor Young Partnership" going to the House of Lords (HL). Points to the few other construction cases to end up in the HL, and highlights that these have been concerned with wide legal principles rather than interpretation of the JCT standard forms. | ||
| 590 | _aABS | ||
| 650 | _aCIVIL LIABILITY (CONTRIBUTION) ACT 1978 | ||
| 650 | _aINSURANCE POLICIES | ||
| 650 | _aFIRE DAMAGE | ||
| 650 | _aCONSTRUCTION CASES | ||
| 650 | _aHOUSE OF LORDS | ||
| 650 | _aJCT STANDARD FORMS | ||
| 650 | _aCO-OPERATIVE RETAIL SERVICES V TAYLOR YOUNG PARTNERSHIP | ||
| 690 | _aBUILT ENVIRONMENT | ||
| 942 | _n0 | ||
| 999 |
_c67105 _d67105 |
||